BIBLIOTECA PODER JUDICIAL
Portal Judicial TDF

El recurso extraordinario federal en materia previsional / (Registro nro. 5727)

000 -LEADER
fixed length control field 01352nab a22002657a 4500
003 - CONTROL NUMBER IDENTIFIER
control field OSt
005 - DATE AND TIME OF LATEST TRANSACTION
control field 20251231175631.0
008 - FIXED-LENGTH DATA ELEMENTS--GENERAL INFORMATION
fixed length control field 190605e xxu||||| |||| 00| 0 spa d
040 ## - CATALOGING SOURCE
Transcribing agency PJ
100 ## - MAIN ENTRY--PERSONAL NAME
9 (RLIN) 1228
Personal name Carnota, Walter F.
245 13 - TITLE STATEMENT
Title El recurso extraordinario federal en materia previsional /
Statement of responsibility, etc Walter F. Carnota, Lucas De Venezia.
260 ## - PUBLICATION, DISTRIBUTION, ETC. (IMPRINT)
Place of publication, distribution, etc Ciudad Autónoma de Buenos Aires :
Name of publisher, distributor, etc Thomson Reuters La Ley,
Date of publication, distribution, etc 2023.
300 ## - PHYSICAL DESCRIPTION
Extent p. 219
500 ## - GENERAL NOTE
General note Cita: TR LALEY AR/DOC/933/2023.<br/><br/>
505 ## - FORMATTED CONTENTS NOTE
Formatted contents note Sumario: I. Introducción: el contexto.— II. Historia y realidad. Las diversas vidas del recurso extraordinario previsional.— III. El necesario análisis procesal. Precisiones conceptuales.— IV. El recorrido jurisprudencial.— V. Recurso Extraordinario digital, su actualidad.— VI. Conclusiones.
505 ## - FORMATTED CONTENTS NOTE
Title ¿Te interesa el texto completo? Solicitalo al correo: koha@justierradelfuego.gov.ar
650 #0 - SUBJECT ADDED ENTRY--TOPICAL TERM
9 (RLIN) 1316
Topical term or geographic name as entry element DERECHO LABORAL
650 #0 - SUBJECT ADDED ENTRY--TOPICAL TERM
9 (RLIN) 1395
Topical term or geographic name as entry element SEGURIDAD SOCIAL
650 #0 - SUBJECT ADDED ENTRY--TOPICAL TERM
9 (RLIN) 2153
Topical term or geographic name as entry element SISTEMA PREVISIONAL
650 #0 - SUBJECT ADDED ENTRY--TOPICAL TERM
9 (RLIN) 2044
Topical term or geographic name as entry element RECURSO EXTRAORDINARIO
650 #0 - SUBJECT ADDED ENTRY--TOPICAL TERM
9 (RLIN) 822
Topical term or geographic name as entry element CORTE SUPREMA DE JUSTICIA DE LA NACION
700 ## - ADDED ENTRY--PERSONAL NAME
9 (RLIN) 6457
Personal name De Venezia, Lucas
Función coautor
773 0# - HOST ITEM ENTRY
Host Biblionumber 2711
Host Itemnumber 3168
Place, publisher, and date of publication Ciudad Autónoma de Buenos Aires : Thomson Reuters La Ley, 1999-2002.
Title Revista de derecho del trabajo. Nº 3 - Mayo 2023
942 ## - ADDED ENTRY ELEMENTS (KOHA)
Source of classification or shelving scheme
Koha item type Analítica Artículo de Revista

No hay ítems disponibles.

12 de Octubre 789 Ushuaia - Tel:  54(02901)441571
Horario de Atención: 8.00 a 17.00 hs. 
bibliotecaush@justierradelfuego.gov.ar
koha@justierradelfuego.gov.ar
Seguinos en nuestras redes @bibliojustdf 

Con tecnología Koha